|
|
|
|
| LEADER |
00707nam a2200205Ia 4500 |
| 001 |
CTU_57454 |
| 008 |
210402s9999 xx 000 0 und d |
| 020 |
|
|
|b 106000
|
| 082 |
|
|
|a 428.24
|
| 082 |
|
|
|b J26
|
| 100 |
|
|
|a Vanessa Jakeman
|
| 245 |
|
0 |
|a BEC vantage pratice tests : Four tests for the Cambridge Business English Certificate (upper intermediate) with answers
|
| 245 |
|
0 |
|c Vanessa Jakeman and Russel Whitehead
|
| 260 |
|
|
|a Oxford, NY
|
| 260 |
|
|
|b Oxford Univ. Press
|
| 260 |
|
|
|c 2002
|
| 650 |
|
|
|a test of english as a foreign language,english language
|
| 650 |
|
|
|x study guides,textbooks for foreign speakers
|
| 904 |
|
|
|i Minh
|
| 980 |
|
|
|a Trung tâm Học liệu Trường Đại học Cần Thơ
|